Armin T. Wegner e gli Armeni in Anatolie, 1915 : Immagini e testimonianze = (Record no. 114647)
[ view plain ]
| 000 -LEADER | |
|---|---|
| fixed length control field | 00938nam a2200277 a 4500 |
| 001 - CONTROL NUMBER | |
| control field | 000310164 |
| 003 - CONTROL NUMBER IDENTIFIER | |
| control field | AM-YEHGA |
| 005 - DATE AND TIME OF LATEST TRANSACTION | |
| control field | 20250617130311.0 |
| 008 - FIXED-LENGTH DATA ELEMENTS--GENERAL INFORMATION | |
| fixed length control field | 040219s1996 it ab||gr|||||||||0|ita|d |
| 020 ## - INTERNATIONAL STANDARD BOOK NUMBER | |
| International Standard Book Number | 8878026816 |
| 040 ## - CATALOGING SOURCE | |
| Original cataloging agency | AM-YeHGA |
| 041 0# - LANGUAGE CODE | |
| Language code of text/sound track or separate title | ita |
| -- | eng |
| 090 ## - LOCALLY ASSIGNED LC-TYPE CALL NUMBER (OCLC); LOCAL CALL NUMBER (RLIN) | |
| -- | 115987 |
| 245 00 - TITLE STATEMENT | |
| Title | Armin T. Wegner e gli Armeni in Anatolie, 1915 : Immagini e testimonianze = |
| Remainder of title | Armin T. Wegner and the Armenians in Anatolia, 1915 : Images and testimonies |
| 246 31 - VARYING FORM OF TITLE | |
| Title proper/short title | Armin T. Wegner and the Armenians in Anatolia, 1915 : |
| Remainder of title | Images and testimonies |
| 250 ## - EDITION STATEMENT | |
| Edition statement | 1st ed. |
| 260 ## - PUBLICATION, DISTRIBUTION, ETC. | |
| Place of publication, distribution, etc. | Milano : |
| Name of publisher, distributor, etc. | Guerini e Associati, |
| Date of publication, distribution, etc. | 1996. |
| 300 ## - PHYSICAL DESCRIPTION | |
| Extent | 221 p. : |
| Other physical details | ill., maps ; |
| Dimensions | 22 cm. |
| 546 ## - LANGUAGE NOTE | |
| Language note | Italian and English |
| 600 14 - SUBJECT ADDED ENTRY--PERSONAL NAME | |
| Personal name | Wegner, Armin T. |
| Dates associated with a name | 1886-1978 |
| 650 14 - SUBJECT ADDED ENTRY--TOPICAL TERM | |
| Topical term or geographic name entry element | Armenian Genocide |
| Chronological subdivision | 1915-1923 |
| 650 14 - SUBJECT ADDED ENTRY--TOPICAL TERM | |
| Topical term or geographic name entry element | Armenian massacres |
| Chronological subdivision | 1915-1923 |
| 650 14 - SUBJECT ADDED ENTRY--TOPICAL TERM | |
| Topical term or geographic name entry element | Armenians |
| Geographic subdivision | Turkey |
| 650 14 - SUBJECT ADDED ENTRY--TOPICAL TERM | |
| Topical term or geographic name entry element | Refugees |
| Geographic subdivision | Middle East |
| 942 ## - ADDED ENTRY ELEMENTS (KOHA) | |
| Source of classification or shelving scheme | Universal Decimal Classification |
| Koha item type | Գրքեր / Books |
| Withdrawn status | Lost status | Source of classification or shelving scheme | Damaged status | Not for loan | Collection | Home library | Current library | Date acquired | Total checkouts | Full call number | Barcode | Date last seen | Price effective from | Koha item type | Public note | Cost, normal purchase price |
|---|---|---|---|---|---|---|---|---|---|---|---|---|---|---|---|---|
| Universal Decimal Classification | General | Fundamental Scientific Library | Fundamental Scientific Library | 22/12/2016 | И II/112105 | 320112105 | 22/12/2016 | 22/12/2016 | Գրքեր / Books | 30 Days Loan | ||||||
| General | Fundamental Scientific Library | Fundamental Scientific Library | 11/04/2023 | И II/117715 | FL0671695 | 11/04/2023 | 11/04/2023 | Գրքեր / Books | 30 Days Loan | 1000.00 |
ՀՀ Գիտությունների ազգային ակադեմիայի հիմնարար գիտական գրադարան = Fundamental Scientific Library of NAS RA
All site content, except where otherwise noted, is licensed under a